Modely riadenia ľudských zdrojov v ére priemyslu 4.0 habilitačná práca
Gespeichert in:
| 1. Verfasser: | |
|---|---|
| Körperschaft: | |
| Format: | Buch |
| Sprache: | Slowakisch |
| Veröffentlicht: |
Bratislava
2018
|
| Schlagworte: | |
| Tags: |
Keine Tags, Fügen Sie das erste Tag hinzu!
|
MARC
| LEADER | 00000nbm a2200000 4500 | ||
|---|---|---|---|
| 001 | 0250625 | ||
| 005 | 20230119140632.5 | ||
| 041 | 0 | |a slo | |
| 044 | |a SK | ||
| 245 | 1 | 0 | |a Modely riadenia ľudských zdrojov v ére priemyslu 4.0 |b habilitačná práca |c Jana Blštáková |
| 264 | 1 | |a Bratislava |c 2018 | |
| 300 | |a 144 s. | ||
| 610 | 2 | 0 | |a riadenie ľudských zdrojov |
| 610 | 2 | 0 | |a modely |
| 610 | 2 | 0 | |a vývoj |
| 610 | 2 | 0 | |a modely podnikateľské |
| 610 | 2 | 0 | |a revolúcia priemyselná |
| 610 | 2 | 0 | |a industrializácia |
| 610 | 2 | 0 | |a priemysel 4.0 |
| 610 | 2 | 0 | |a výskum |
| 100 | 1 | |a Blštáková, Jana, 1980- | |
| 710 | 2 | |a Fakulta podnikového manažmentu EU. Katedra manažmentu | |